Quizzes
Events
Quiz Creation
Community
Videos
Private Events
Remove Ads
Sign In
Join for FREE
Feedback
Dark Mode
Quiz Categories
Sports
Geography
Music
Movies
Television
Just For Fun
Miscellaneous
History
Literature
Language
Science
Gaming
Entertainment
Religion
Holiday
For Kids
Quiz Lab
Recent
Popular Today
Quiz Kudos Today
Editor Picks
Curator Picks
Quizzes by...
Day
Popularity
Type
Ratings
Length
Year
Community
Subscriptions
Recent Discussions
Orange Saloon
Badges
Playlists
Quests
Create
Leaderboards
Showdown
Live 5
Trivia Bingo
Activity
Puzzle Library
Sporcle Events
Private Events
Virtual Trivia
Globe League
Become a Host
Pub Owners
SporcleCon
Opinionation
Our Games
Videos
Blog
Mobile Apps
Partnerships
Remove Ads and Go Orange
Feedback
Music
Pop Music
The Beatles
Song
Album
Lyrics
Bands
Singers
Artist
Clip
Rock
Rap
Classical
Billboard
Country Music
Kpop
Taylor Swift
Music
Pop Music
The Beatles
Song
Album
Lyrics
Bands
Singers
Artist
Clip
Rock
Rap
Classical
Billboard
Country Music
Kpop
Taylor Swift
Random Quiz
Search Sporcle
×
Quiz Lab
Quiz Lab
Music
Audio Quiz
Type in answers that appear in a list
Type in answers that appear in a list
Classic
Best Score? Go Orange.
Symphony X Listening Quiz Stats
Can you name the songs in this Symphony X sound clip?
By
Bennerson
9m
24 Questions
30 Plays
30 Plays
30 Plays
Comments
Comments
Give Quiz Kudos
Give Quiz Kudos
-
- Ratings
hide this ad
Forced Order
Answers have to be entered in order
Answers have to be entered in order
Replay
Link that replays current quiz
Next Quiz
Link to next quiz in quiz playlist
You Got
0%
They Got
Avg Score
52%
Avg Friend Score
Upgrade to see
Score Distribution
Jump to the score distribution portion of the page
Score
0/24
Timer
09:00
0
Plays Today
Time
Song name
% Correct
0.13 -
0.24
Egypt
90%
2.46 -
2.56
Sea of Lies
86.7%
4.41 -
4.49
Candlelight Fantasia
80%
1.45 -
1.55
Communion and the Oracle
73.3%
4.04 -
4.14
Paradise Lost
73.3%
0.24 -
0.35
The Witching Hour
70%
3.49 -
4.02
The Odyssey
70%
0.46 -
0.56
Church of the Machine
63.3%
4.15 -
4.25
Wicked
63.3%
2.09 -
2.19
In the Dragon's Den
56.7%
2.35 -
2.45
Lady of the Snow
53.3%
3.25 -
3.35
The Death of Balance
53.3%
Time
Song name
% Correct
0.56 -
1.09
Domination
50%
1.33 -
1.43
Prometheus
50%
3.11 -
3.23
The Walls of Babylon
50%
2.22 -
2.32
Children of a Faceless God
46.7%
3.37 -
3.47
King of Terrors
46.7%
0.35 -
0.46
Heretic
40%
2.59 -
3.09
Orion the Hunter
40%
0.02 -
0.12
Premonition
30%
4.16 -
4.40
Dressed to Kill
30%
1.21 -
1.31
A Winter's Dream pt 2 The Ascension
20%
1.09 -
1.20
A Lesson Before Dying
13.3%
1.57 -
2.07
Rapture or Pain
10%
Quiz Playlist
Details
Report
Send in Message
Add To Playlist
Classic:
Type in answers that appear in a list
Forced Order:
Answers have to be entered in order
Last Updated: Mar 3, 2021
Quiz Scoreboard
CHALLENGE
Sign Up to Join the Scoreboard
Show All
Scores
Hide
Comments
May contain spoilers
Recently Published
Presidents Visiting Landmarks
by Hejman
History
7m
An Introduction to Baseball
by treessimontrees
Sports
5m
Movies - When Are They Set?
by FPL_Elf
Movies
5m
More to Explore
Quiz From the Vault
Featured Blog Post
Where Did the Easter Bunny Come From?
hide this ad
You Might Also Like...
Tags
Audio Quiz
Today's Top Quizzes in Music
Browse Music
hide this ad
Today's Top Quizzes in Audio Quiz
Browse Audio Quiz
Top Contributed Quizzes in Music
1
Taylor Swift All Songs (2024)
2
Guess the Artist- 70s Songs
3
7-to-1: Billboard Hot 100 #1 Hits of 2010s
4
Sorting Albums and Songs
5
Taylor Swift Logic Puzzle
6
One Thing in Common: Music
7
2010s Album by Cover III
8
KPOP LOGIC QUIZ
9
Guess the Taylor Swift song (Mystery Song)
10
Guess the Artist- 80s Songs
Explore More
Trending Topics
Crossword
Harry Potter
Kpop
NBA
Anime
Marvel
Disney
Soccer
NFL
Pokémon
The Office
Country
Song
Puzzle
WWE
hide this ad
More By:
Bennerson
Quiz
Plays
Rating
Category
Featured
Created
Alliterative Soccer Players A-Z
167
Sports
Dec 6, 2014
Mike Portnoy in Shattered Fortress
166
Music
Dec 7, 2015
Go to Creator's Profile
Score Distribution
Quiz Creator Spotlight
Bennerson
Follow
Send a Message
Quizzes Created
-
Created Quiz Play Count
-
More By This Creator
Popular Quizzes Today
1
Find the US States - No Outlines Minefield
2
Find the Countries of Europe - No Outlines Minefield
3
The Countries of the World
4
Find the US States
5
Popular People in 1961
6
US States
7
Risky Map Clicking: Biggest States A-Z
8
Movies - When Are They Set?
More Music Quizzes
Billboard: 2010s Top 100 songs (Official)
Quiz Lab
Trending Quizzes
Risky Map Clicking: Least Populous States A-Z
1-10 Letter G Words
1-10 Letter F Words
Risky Map Clicking: Next State Alphabetically
Risky Map Clicking: Biggest States A-Z
Recently Updated
Leaping Animals
pecheneg
Reality TV Shows (A-Z)
bhenderson79
Rickey Henderson's Hall of Fame Teammates
pecheneg
Champions League XIs: Arsenal
pecheneg
Quick Pick: Celebrities in WWE's Hall of Fame
aduchscher
A-Z Keypad Blitz II
pecheneg
Multiple Oscar Actors
pecheneg
Mystery Phrase Blitz: Oscar 'Best Actors'
pecheneg
F. Scott Fitzgerald Novels
LTH
Pick 3 Villains
ddd62291
Trending Topics
Harry Potter
Marvel
Anime
NBA
Disney
Crossword
Kpop
Soccer
WWE
NFL
Puzzle
The Office
Song
Pokémon
Country
Your Account Isn't Verified!
In order to create a playlist on Sporcle, you need to verify the email address you used during registration. Go to your
Sporcle Settings
to finish the process.
Report this User
Report this user for behavior that violates our
Community Guidelines
.
Details:
Send Report
Go to the Sporcle.com Mobile Site →
Comments